US President Faces - Sudden Death #1 - Statistics

General Stats
  • This quiz has been taken 72,531 times
  • The average score is 11 of 20
Answers on the Grid
Answers color-coded by a green-red scale on the quiz's grid according to % correct below.
 
Answer Stats
Answer % Correct
Abraham Lincoln
89%
Jimmy Carter
85%
Richard Nixon
78%
Bill Clinton
76%
Lyndon B. Johnson
74%
Harry Truman
62%
Thomas Jefferson
61%
Dwight Eisenhower
61%
Ronald Reagan
60%
John F. Kennedy
57%
Woodrow Wilson
56%
George Washington
50%
Franklin D. Roosevelt
41%
Gerald Ford
38%
Ulysses S. Grant
36%
James Buchanan
34%
Martin Van Buren
32%
Calvin Coolidge
28%
William McKinley
25%
Herbert Hoover
23%
No matching quizzes found
Score Distribution
Percent of People with Each Score
Percentile by Number Answered
Your Score History
You have not taken this quiz